Wordt geladen...

ILIS Journal of Librarianship and Informatics.

Bibliografische gegevens
Formaat: Tijdschrift
Taal:English
Gepubliceerd in: Thiruvanathapuram Instituion of Librarians and Information Scientists(ILIS)
Onderwerpen:
LEADER 01267nas a22002057a 4500
008 190115b f||p| |||| 00| 0 eng d
999 |c 300734  |d 300734 
245 |a ILIS Journal of Librarianship and Informatics. 
260 |a Thiruvanathapuram  |b Instituion of Librarians and Information Scientists(ILIS) 
650 |a Library Science 
300 |g ... 
300 |g ...... 
310 |a semi annual 
942 |2 ddc  |c SER  |s 1 
952 |0 0  |1 0  |2 ddc  |4 0  |6 SHELF_2_000000000000000  |7 0  |9 343801  |a UL  |b UL  |c PER  |d 2019-01-17  |h Vol 1, No 1  |l 0  |o shelf 2  |r 2019-01-17  |w 2019-01-17  |y SER 
952 |0 0  |1 0  |2 ddc  |4 0  |6 SHELF_2_000000000000000  |7 0  |9 343802  |a UL  |b UL  |c PER  |d 2019-01-17  |h Vol 1, No 2  |l 0  |o shelf 2  |r 2019-01-17  |w 2019-01-17  |y SER 
952 |0 0  |1 0  |2 ddc  |4 0  |6 SHELF_2_000000000000000  |7 0  |9 386861  |a UL  |b UL  |c PER  |d 2019-07-15  |h Vol 2, No 1  |l 0  |o shelf 2  |r 2019-07-15  |w 2019-07-15  |y SER 
952 |0 0  |1 0  |2 ddc  |4 0  |6 SHELF_2_000000000000000  |7 0  |9 405879  |a UL  |b UL  |c PER  |d 2020-07-02  |h Vol 2, No 2  |l 0  |o shelf 2  |r 2020-07-02  |w 2020-07-02  |y SER 
952 |0 0  |1 0  |2 ddc  |4 0  |6 SHELF_2_000000000000000  |7 0  |9 408415  |a UL  |b UL  |c PER  |d 2020-10-06  |h Vol 3, No 1  |l 0  |o shelf 2  |r 2020-10-06  |w 2020-10-06  |y SER 
952 |0 0  |1 0  |2 ddc  |4 0  |6 SHELF_2_000000000000000  |7 0  |9 421920  |a UL  |b UL  |c PER  |d 2021-10-20  |h Vol 4, No 1  |l 0  |o shelf 2  |r 2021-10-20  |w 2021-10-20  |y SER